Behaviorálna ekonómia

Nový ekonomický prístup, ktorý vidí aj poistný trh z psychologického hľadiska. Správanie sa jednotlivcov tvoriacich dopyt a ponuku na rôznych trhoch. Hlavné objekty skúmania a ľudské správanie (behavior). Vychádzanie ekonomických vied zo správania človeka.

Guardado en:
Detalles Bibliográficos
Autor principal: Jurkovičová, Monika
Formato: Capítulo de libro
Lenguaje:eslovaco
Materias:
Etiquetas: Agregar Etiqueta
Sin Etiquetas, Sea el primero en etiquetar este registro!

MARC

LEADER 00000naa a2200000 4500
001 0229116
005 20240502073756.8
041 0 |a slo 
044 |a SK 
245 1 0 |a Behaviorálna ekonómia  |c Monika Jurkovičová 
520 |a Nový ekonomický prístup, ktorý vidí aj poistný trh z psychologického hľadiska. Správanie sa jednotlivcov tvoriacich dopyt a ponuku na rôznych trhoch. Hlavné objekty skúmania a ľudské správanie (behavior). Vychádzanie ekonomických vied zo správania človeka. 
610 2 0 |a poisťovníctvo 
610 2 0 |a poistenie 
610 2 0 |a udalosti poistné 
610 2 0 |a riziko poistné 
610 2 0 |a pravdepodobnosť 
610 2 0 |a rozhodovanie 
610 2 0 |a ochrana poistná 
610 2 0 |a behaviorizmus 
610 2 0 |a správanie cieľové 
100 1 |a Jurkovičová, Monika